000 00533nam a2200217Ia 4500
003 OSt
005 20220928143818.0
006 a|||||r|||| 00| 0
007 ta
008 220927b |||||||| |||| 00| 0 eng d
024 _a23185
037 _cTextual
040 _aSDCL
_cSDCL
_beng
041 _2eng
_aeng
082 _aQ1x, P3
100 _aMahapatra S
_9506113
245 0 _aConcept of Jatavedas in vedic literature.
260 _c2003
942 _hQ1x, P3
_cTEXL
_2CC
999 _c825131
_d825131